Higiene antenatal y postnatal / (Record no. 36914)

MARC details
000 -LEADER
campo de control de longitud fija 00675nam a2200181 i 4500
001 - NÚMERO DE CONTROL
campo de control 36914
003 - IDENTIFICADOR DE NÚMERO DE CONTROL
campo de control ES-MaACL
005 - FECHA Y HORA DE LA ÚLTIMA TRANSACCIÓN
campo de control 20230906155451.0
007 - CAMPO FIJO DE DESCRIPCIÓN FÍSICA--INFORMACIÓN GENERAL
campo de control de longitud fija t|
008 - DATOS DE LONGITUD FIJA--INFORMACIÓN GENERAL
campo de control de longitud fija 030219s1952 sp ||||1| spa d
100 1# - ENTRADA PRINCIPAL--NOMBRE DE PERSONA
Nombre de persona Browne, Francis J.
9 (RLIN) 32030
245 10 - MENCIÓN DEL TÍTULO
Título Higiene antenatal y postnatal /
Mención de responsabilidad, etc. por Francis J. Browne ; versión española de la 7ª edición inglesa por José Mª Sala Ponsati y Francisco Haro García.
260 ## - PUBLICACIÓN, DISTRIBUCIÓN, ETC.
Lugar de publicación, distribución, etc. Barcelona :
Nombre del editor, distribuidor, etc. Labor,
Fecha de publicación, distribución, etc. 1952 (
Fabricante Talls. grafs. de la S.G. de P.)
300 ## - DESCRIPCIÓN FÍSICA
Extensión XVI, 597 p. :
Otras características físicas il. ;
Dimensiones 25 cm.
700 1# - ENTRADA AGREGADA--NOMBRE PERSONAL
Nombre de persona Sala Ponsati, José María.
9 (RLIN) 101670
700 1# - ENTRADA AGREGADA--NOMBRE PERSONAL
Nombre de persona Haro García, Francisco.
9 (RLIN) 61877
852 ## - LOCALIZACIÓN
Ubicación ES-MaACL
Número de control de estantería E-1460
Sublocalización o colección R.31544
Holdings
Estatus retirado Estado de pérdida Estado de daño No para préstamo Biblioteca de origen Biblioteca actual Ubicación en estantería Fecha de adquisición Fuente de adquisición Total de préstamos Signatura topográfica completa Código de barras Visto por última vez Precio de reemplazo Tipo de ítem Koha
        Biblioteca del Ateneo de Madrid Biblioteca del Ateneo de Madrid Depósito 2 17/01/2008     E-1460 1038820 23/02/2023 23/02/2023 Libro impreso